00146 2200073 4500001002100000990001800021990001600039990001700055INLIS000000000026814 a031558.049439 a25821.42243 a031559.49440